Statistics for Sequential US Rivers and Cities

Click here to take the quiz!

General Stats

  • This quiz has been taken 329 times
  • The average score is 14 of 18

Answers on the Map

Answers color-coded by a green-red scale on the quiz's map according to % correct below.
Loading ...
 

Answer Stats

AnswerRiverPopulation% Correct
Rio GrandeEast River
95%
El PasoRio Grande803 K
94%
Mississippi RiverMiddle River
94%
New OrleansMississippi River899 K
92%
AlbuquerqueRio Grande741 K
90%
Ohio RiverRight River
89%
MinneapolisMississippi River2,60 M
89%
Baton RougeMississippi River594 K
88%
St. LouisMississippi River2,15 M
88%
MemphisMississippi River1,06 M
87%
PittsburghOhio River1,73 M
86%
CincinnatiOhio River1,62 M
83%
LouisvilleOhio River972 K
79%
BrownsvilleRio Grande217 K
56%
LaredoRio Grande235 K
47%
McAllenRio Grande728 K
47%
EvansvilleOhio River229 K
39%
HuntingtonOhio River202 K
30%

Score Distribution

Percentile by Number Answered

Percent of People with Each Score

Your Score History

You have not taken this quiz